| 000 | 01111nam a22003017a 4500 | ||
|---|---|---|---|
| 001 | BR8203608 | ||
| 003 | BR-BrBNA | ||
| 005 | 20230928091341.0 | ||
| 007 | ta | ||
| 008 | 230509b bl.||||| |||| 00| 0 por d | ||
| 040 |
_aBR-BrBNA _bpor _cBiblioteca Nacional de Agricultura |
||
| 041 | _a(Por) | ||
| 072 | _aP05; F25 | ||
| 090 | _ P05 BR8203608 | ||
| 110 | 1 |
_aInstituto Brasileiro de Petroleo, Rio de Janeiro, RJ; _95809 |
|
| 110 | 1 |
_aCooperativa Central dos Produtores de Acucar e Alcool do Estado de Sao Paulo, Sao Paulo (Brasil); _92827 |
|
| 110 | 1 | _aConselho Nacional de Desenvolvimento Cientifico e Tecnologico, Brasilia, DF (Brasil) | |
| 111 | 1 |
_aEncontro Tecnico sobre Problemas e Oportunidades no Aproveitamento de Vinhoto _cRio de Janeiro, RJ (Brazil) _d15 Sep 1982 |
|
| 245 | 1 | _aEncontro Tecnico sobre Problemas e Oportunidades no Aproveitamento de Vinhoto. Conferencias | |
| 260 | 3 |
_aSao Paulo, SP (Brasil): _c1982. |
|
| 300 | _a96 p. | ||
| 650 | _aVINHACA | ||
| 650 | _aETANOL | ||
| 650 | _aFERTILIZANTE | ||
| 650 | _aPOLUICAO | ||
| 909 |
_a202309 _bLucia _c55 _dLucia Elande |
||
| 942 | _cBK | ||
| 999 |
_c33495 _d33495 |
||